Estratos sociales y niveles de aspiraciones educacionales y ocupacionales

Contenido: El marco teórico de referencia. Proposiciones. Conceptos básicos. Las hipótesis específicas algunas sugerencias para la operacionalización de los principales conceptos

Guardado en:
Bibliografiske detaljer
Format: Bog
Sprog:Spanish
Fag:
Tags: Tilføj Tag
Ingen Tags, Vær først til at tagge denne postø!

MARC

LEADER 00000nam a2200000 4500
003 cru CIDCACS/IIS
005 20170419184933.0
008 170419b2000 cr ||||| |||| 00| 0 spa d
020 |a 996831112X 
040 |c cru CIDCACS/IIS 
090 |a 05.01.02 E87e T.1 
245 |a Estratos sociales y niveles de aspiraciones educacionales y ocupacionales 
300 |a páginas 111-141 
520 |a Contenido: El marco teórico de referencia. Proposiciones. Conceptos básicos. Las hipótesis específicas algunas sugerencias para la operacionalización de los principales conceptos 
650 1 0 |2    |9 65  |a MOVILIDAD SOCIAL  
650 1 0 |9 25  |a ESTRATIFICACION SOCIAL  
650 1 0 |9 30  |a OCUPACIONES 
650 1 0 |9 944  |a EDUCACION 
650 1 0 |9 26  |a SOCIEDAD 
942 |2 ddc  |c LI 
773 0 |0 14856  |9 519  |a Fonseca Tortós, Eugenio  |d San José: EUNED. EUCR   |o 17942  |t Eugenio Fonseca Tortós: selección de su obra sociológica /  |w (cru CIDCACS/IIS)19474 
999 |c 19195  |d 19195